|
|
|
|
| LEADER |
01668nam a2200397Ia 4500 |
| 001 |
EBC1607068 |
| 003 |
MiAaPQ |
| 005 |
20200520144314.0 |
| 006 |
m o d | |
| 007 |
cr cn||||||||| |
| 008 |
950303s2012 dcua sb 000 0 eng d |
| 020 |
|
|
|z 9781589068032
|
| 020 |
|
|
|a 9781475547276 (electronic bk.)
|
| 035 |
|
|
|a (MiAaPQ)EBC1607068
|
| 035 |
|
|
|a (Au-PeEL)EBL1607068
|
| 035 |
|
|
|a (CaPaEBR)ebr10644329
|
| 035 |
|
|
|a (CaONFJC)MIL426040
|
| 035 |
|
|
|a (OCoLC)819351941
|
| 040 |
|
|
|a MiAaPQ
|c MiAaPQ
|d MiAaPQ
|
| 050 |
|
4 |
|a HG3891
|b .S23 2012
|
| 100 |
1 |
|
|a Saadi-Sedik, Tahsin.
|
| 245 |
1 |
0 |
|a Effects of capital flow liberalization
|h [electronic resource] :
|b what is the evidence from recent experiences of emerging market economies? /
|c Tahsin Saadi Sedik and Tao Sun.
|
| 260 |
|
|
|a Washington, D.C. :
|b International Monetary Fund,
|c c2012.
|
| 300 |
|
|
|a 26 p. :
|b ill.
|
| 440 |
|
0 |
|a IMF working paper ;
|v WP/12/275
|
| 500 |
|
|
|a At head of title: Monetary and Capital Markets Department -- verso of t.p.
|
| 500 |
|
|
|a "November 2012" -- verso of t.p.
|
| 504 |
|
|
|a Includes bibliographical references.
|
| 533 |
|
|
|a Electronic reproduction. Ann Arbor, MI : ProQuest, 2015. Available via World Wide Web. Access may be limited to ProQuest affiliated libraries.
|
| 650 |
|
0 |
|a Capital movements
|z Developing countries.
|
| 650 |
|
0 |
|a Economic development
|z Developing countries.
|
| 655 |
|
4 |
|a Electronic books.
|
| 700 |
1 |
|
|a Sun, Tao,
|d 1970-
|
| 710 |
2 |
|
|a International Monetary Fund.
|b Monetary and Capital Markets Dept.
|
| 710 |
2 |
|
|a ProQuest (Firm)
|
| 856 |
4 |
0 |
|u https://ebookcentral.proquest.com/lib/matrademy/detail.action?docID=1607068
|z Click to View
|